| 000 | 00707nam a22002411 4500 | ||
|---|---|---|---|
| 001 | 105170 | ||
| 003 | ES-MaACL | ||
| 005 | 20230906183813.0 | ||
| 007 | t| | ||
| 008 | 060615s1957 sp ||||0| spa d | ||
| 016 | 7 | _zIND9200523435 | |
| 040 |
_aM-BN _bspa _cA2 |
||
| 080 | _a35(46).082.1 | ||
| 100 | 1 |
_aLópez Medel, Jesús. _973768 |
|
| 245 | 1 | 3 |
_aEl problema de las oposiciones en España / _cJesús López Medel. |
| 260 |
_aMadrid : _bEuramérica, _c[1957] ( _fSèz) |
||
| 300 |
_a202 p ; _c18 cm. |
||
| 490 | 1 |
_aPor un mundo mejor ; _v24 |
|
| 650 | 1 | 4 |
_aOposiciones. _915725 |
| 830 | 0 |
_aPor un mundo mejor ; _v24 _9182683 |
|
| 852 |
_aES-MaACL _jC-12459 _bR.40770 |
||
| 999 |
_c105170 _d105170 |
||